[Event "Saint Louis Blitz 2020"]
[Site "Saint Louis"]
[Date "2020.09.18"]
[Round "5"]
[White "Nepomniachtchi, Ian"]
[Black "Carlsen, Magnus"]
[Result "1-0"]
[WhiteElo "2784"]
[BlackElo "2863"]
[Annotator "TA"]
[PlyCount "101"]
[EventDate "2020.09.18"]
[EventType "blitz"]
[EventCountry "USA"]
[SourceTitle "playchess.com"]
[Source "ChessBase"]
[SourceQuality "1"]

{[%evp 9,101,-19,-14,-15,-21,-15,-15,-26,-12,-12,-11,-41,-2,-27,-36,-38,-37,
-34,6,0,13,9,27,0,0,-24,14,0,0,0,0,0,12,0,19,12,10,7,54,58,71,62,74,62,62,62,
62,62,62,62,63,64,74,62,99,74,57,70,130,62,144,152,222,214,443,432,489,498,429,
462,513,506,545,521,495,192,214,194,461,172,200,10,6,21,327,163,166,109,744,
764,12842,12843,12843,12843]} 1. b3 g6 2. Bb2 Nf6 3. e4 c5 4. f4 Bg7 5. Qf3 d6
6. Bb5+ {A01: Nimzowitsch-Larsen Opening.} Bd7 7. Bxd7+ Qxd7 8. Ne2 {next e5
is good for White.The position is equal.} O-O 9. O-O Nc6 {[#]} 10. d3 $146 ({
Predecessor:} 10. Nbc3 Rac8 11. Nd1 b5 12. a4 a6 13. Ne3 Nxe4 14. Qxe4 Bxb2 15.
axb5 axb5 16. Nd5 Bxa1 17. Rxa1 {0-1 (29) Gutmann,A (2100)-Matt,F (2347) St
Johann im Pongau 2016}) 10... b5 11. c4 b4 12. h3 a5 13. a4 bxa3 14. Rxa3 Rab8
15. Bc3 Ne8 16. Qe3 f5 17. exf5 gxf5 18. Bxg7 Nxg7 19. Nbc3 Ne6 20. Nb5 Rf6 21.
Rf3 Rg6 22. Rg3 Kf7 23. Kh2 Qd8 24. Qf3 Rc8 (24... Ncd4 $2 25. Nbxd4 cxd4 26.
Qh5 $18) 25. Qh5 $36 {[%mdl 2048] White is pushing.} Ng7 26. Qxh7 Rxg3 27. Kxg3
Qg8 28. Qxg8+ Rxg8 29. Kf3 Ne6 30. Ra1 Kf6 31. g4 Rh8 32. g5+ Kg6 33. Kg3 Nb4 (
33... Ng7 $14) 34. d4 (34. Rd1 $16) 34... cxd4 ({Black should try} 34... Nc2
$14 35. Rd1 (35. Rxa5 cxd4 36. h4 d3 $11) 35... Rb8) 35. Nbxd4 $16 (35. Nexd4
$6 Nxf4 36. h4 (36. Kxf4 Rxh3 37. Nxf5 Nd3+ 38. Ke4 Nc5+ {[%mdl 64] Discovered
Attack} 39. Kf4 Nd3+ 40. Ke4 Nc5+ {[%mdl 64] Double Attack, Discovered Attack}
41. Kf4 Nd3+ $11) 36... e5 $11) 35... Nc5 (35... Nxd4 $16 {is a better defense.
} 36. Nxd4 e5) 36. Rxa5 $18 Ne4+ $2 {[#]} (36... Nbd3 37. Nc6 Ne4+ 38. Kg2 e6)
37. Kg2 Nc5 38. Rb5 Nbd3 39. b4 Ne4 40. Nxf5 Ne1+ 41. Kf1 Rxh3 42. Kxe1 $2 (42.
Nxe7+ Kf7 43. Rb7) 42... Rh1+ 43. Ng1 Rxg1+ {[%mdl 4096] Endgame KRN-KRN} 44.
Ke2 e5 {[#]} 45. Nh4+ $2 ({Weaker is} 45. fxe5 Kxf5 46. exd6+ Ke6 $11) ({
White has to play} 45. Ne7+ $1 $18 Kf7 46. Nd5 (46. fxe5 Kxe7 47. exd6+ Nxd6
$11)) 45... Kh5 $1 $11 46. Nf3 Rg4 $2 {[%mdl 8192]} (46... Nc3+ $1 $11 {
and Black has nothing to worry.} 47. Kd2 Rg3 48. Kxc3 Rxf3+ 49. Kd2 Rf2+ 50.
Kc3 Rf3+ 51. Kd2 Rf2+ 52. Kd1 exf4) 47. Ke3 ({Inferior is} 47. fxe5 Nc3+ 48.
Ke3 Nxb5 $11) (47. Nxe5 $142 Nc3+ 48. Kf3 dxe5 49. Rxe5) 47... Nc3 $18 48. Rb6
({Not} 48. fxe5 Nxb5 49. cxb5 dxe5 $11) (48. Rb8 $18 exf4+ 49. Kd4) 48... Rxf4
$2 {[%mdl 8192]} (48... exf4+ $16 49. Kd4 Rg3) 49. Rxd6 {White is clearly
winning.} Rxc4 50. Rh6+ Kg4 51. Rh4+ {Accuracy: White = 69%, Black = 53%.} 1-0

[Event "Saint Louis Blitz 2020"]
[Site "Saint Louis"]
[Date "2020.09.18"]
[Round "5"]
[White "Grischuk, Alexander"]
[Black "So, Wesley"]
[Result "1/2-1/2"]
[WhiteElo "2777"]
[BlackElo "2770"]
[Annotator "TA"]
[PlyCount "48"]
[EventDate "2020.09.18"]
[EventType "blitz"]
[EventCountry "USA"]
[SourceTitle "playchess.com"]
[Source "ChessBase"]
[SourceQuality "1"]

{[%evp 23,48,13,27,15,16,5,6,9,7,7,11,5,7,11,2,6,14,0,0,0,0,0,0,0,0,0,0]} 1. d4
Nf6 2. c4 e6 3. Nf3 d5 4. g3 Be7 5. Bg2 O-O 6. O-O dxc4 7. Qc2 a6 8. a4 Bd7 9.
Qxc4 Bc6 10. Bg5 Bd5 11. Qc2 Be4 12. Qc1 h6 13. Bxf6 {E05: Open Catalan: 5 Nf3
Be7.} Bxf6 {The position is equal.} 14. e3 a5 15. Nbd2 Bxf3 16. Bxf3 c6 {[#]}
17. Nc4 $146 ({Predecessor:} 17. h4 Na6 18. Rd1 Nb4 19. Nb3 Qe7 20. Qc5 Rfd8
21. Qxe7 Bxe7 22. Nd2 Kf8 23. Nc4 {1/2-1/2 (30) Zherebukh,Y (2605)-Swiercz,D 
(2645) Saint Louis 2017}) 17... Na6 18. h4 Qc7 19. Rd1 Rfd8 20. Qc2 c5 21. dxc5
Nxc5 22. Kg2 Rxd1 23. Rxd1 Rd8 24. Rxd8+ Qxd8 {A rather calm draw. Accuracy:
White = 100%, Black = 100%.} 1/2-1/2

[Event "Saint Louis Blitz 2020"]
[Site "Saint Louis"]
[Date "2020.09.18"]
[Round "5"]
[White "Aronian, Levon"]
[Black "Xiong, Jeffery"]
[Result "0-1"]
[WhiteElo "2773"]
[BlackElo "2709"]
[Annotator "TA"]
[PlyCount "59"]
[EventDate "2020.09.18"]
[EventType "blitz"]
[EventCountry "USA"]
[SourceTitle "playchess.com"]
[Source "ChessBase"]
[SourceQuality "1"]

{[%evp 13,59,41,42,38,55,37,58,52,56,55,53,27,25,32,29,30,94,84,83,50,71,85,
100,43,37,54,329,138,230,230,218,208,216,177,154,165,152,0,0,0,0,0,0,-87,-91,
-29980,-29981,-29992]} 1. d4 Nf6 2. c4 c5 3. d5 b5 4. Nf3 g6 5. Qc2 bxc4 6. e4
Bg7 7. Bxc4 d6 8. O-O {A57: Benko/Volga Gambit.} O-O 9. Nc3 {9.Re1 is setting
a new trend.} Nfd7 10. Re1 {[#] White is slightly better.} a5 $146 ({
Predecessor:} 10... Nb6 11. Bf1 Ba6 12. Nb5 N8d7 13. a4 Nf6 14. Bf4 Qd7 15.
Rad1 Rab8 16. b3 Qb7 {1-0 (28) Vareille,F (2421)-Prie,E (2480) Nimes 2018}) 11.
Bf4 Ba6 12. Bxa6 Nxa6 13. Qd2 Qb8 14. Bh6 Qb4 (14... Bxh6 $11 {keeps the
balance.} 15. Qxh6 f6) 15. Bxg7 $16 Kxg7 16. a3 Qb3 17. e5 Rae8 18. Re3 ({
Better is} 18. exd6 $16 exd6 19. Ne4 {[%mdl 64] Discovered Attack}) 18... Nc7
$14 19. Rae1 {Strongly threatening exd6.} dxe5 $2 {[%mdl 8192]} (19... f6 $14)
20. Nxe5 (20. d6 $18 exd6 21. Qxd6 {[%mdl 64] Double Attack}) 20... Nf6 (20...
Nxe5 $16 {was necessary.} 21. Rxe5 Qb6) 21. Rh3 $1 $18 h5 {[%cal Rc7d5] [#]}
22. g4 $1 {[%cal Rg4h5] aiming for gxh5.} h4 23. Rxh4 {Qh6+ would kill now.}
Rh8 24. Rxh8 Rxh8 {[#]} 25. d6 $2 (25. Nc6 $1 $16) 25... exd6 $11 26. Qxd6 {
[%mdl 64] Double Attack} Ne6 $1 27. Qe7 Ng5 28. Re3 (28. Qxc5 $11 Qxb2 29. Qe3
Qxa3 30. Qxg5 Qxc3 31. Rc1) 28... Qxb2 $17 29. Nd7 $2 {[%mdl 8192]} (29. a4 $17
) 29... Nxg4 {[%mdl 64] Double Attack} 30. Ne4 {Accuracy: White = 54%, Black =
63%.} 0-1

[Event "Saint Louis Blitz 2020"]
[Site "Saint Louis"]
[Date "2020.09.18"]
[Round "5"]
[White "Harikrishna, Pentala"]
[Black "Nakamura, Hikaru"]
[Result "1/2-1/2"]
[WhiteElo "2732"]
[BlackElo "2736"]
[Annotator "ChessBase"]
[PlyCount "44"]
[EventDate "2020.09.18"]
[EventType "blitz"]
[EventCountry "USA"]
[SourceTitle "playchess.com"]
[Source "ChessBase"]
[SourceQuality "1"]
[TimeControl "300+3"]

1. e4 {[%emt 0:00:03]} e5 {[%emt 0:00:03]} 2. Nf3 {[%emt 0:00:01]} Nc6 {
[%emt 0:00:00]} 3. Bb5 {[%emt 0:00:01]} Nf6 {[%emt 0:00:01]} 4. O-O {[%emt 0:
00:05]} Nxe4 {[%emt 0:00:01]} 5. Re1 {[%emt 0:00:15]} Nd6 {[%emt 0:00:01]} 6.
Nxe5 {[%emt 0:00:01]} Be7 {[%emt 0:00:01]} 7. Bf1 {[%emt 0:00:01]} Nf5 {
[%emt 0:00:08]} 8. Nf3 {[%emt 0:00:05]} O-O {[%emt 0:00:02]} 9. d4 {[%emt 0:00:
01]} d5 {[%emt 0:00:00]} 10. Nc3 {[%emt 0:00:02]} Nh4 {[%emt 0:00:09]} 11. Nxh4
{[%emt 0:00:12]} Bxh4 {[%emt 0:00:00]} 12. Bf4 {[%emt 0:00:22]} Bf5 {[%emt 0:
00:09]} 13. Bd3 {[%emt 0:00:22]} Bxd3 {[%emt 0:00:18]} 14. Qxd3 {[%emt 0:00:01]
} Bf6 {[%emt 0:00:00]} 15. Ne2 {[%emt 0:00:15]} Ne7 {[%emt 0:00:05]} 16. Ng3 {
[%emt 0:00:23]} Ng6 {[%emt 0:00:07]} 17. Bd2 {[%emt 0:00:14]} c6 {[%emt 0:00:
14]} 18. Bb4 {[%emt 0:00:35]} Re8 {[%emt 0:00:18]} 19. Rxe8+ {[%emt 0:00:01]}
Qxe8 {[%emt 0:00:00]} 20. Re1 {[%emt 0:00:02]} Qd7 {[%emt 0:00:01]} 21. Qf5 {
[%emt 0:00:20]} Qxf5 {[%emt 0:00:13]} 22. Nxf5 {[%emt 0:00:01]} Nf4 {[%emt 0:
00:01]} 1/2-1/2

[Event "Saint Louis Blitz 2020"]
[Site "Saint Louis"]
[Date "2020.09.18"]
[Round "5"]
[White "Firouzja, Alireza"]
[Black "Dominguez Perez, Leinier"]
[Result "1/2-1/2"]
[WhiteElo "2728"]
[BlackElo "2758"]
[Annotator "ChessBase"]
[PlyCount "154"]
[EventDate "2020.09.18"]
[EventType "blitz"]
[EventCountry "USA"]
[SourceTitle "playchess.com"]
[Source "ChessBase"]
[SourceQuality "1"]
[TimeControl "300+3"]

1. e4 {[%emt 0:00:03]} e5 {[%emt 0:00:03]} 2. Nf3 {[%emt 0:00:04]} Nc6 {
[%emt 0:00:01]} 3. Bb5 {[%emt 0:00:01]} a6 {[%emt 0:00:02]} 4. Ba4 {[%emt 0:00:
02]} Nf6 {[%emt 0:00:01]} 5. O-O {[%emt 0:00:02]} Nxe4 {[%emt 0:00:01]} 6. d4 {
[%emt 0:00:01]} b5 {[%emt 0:00:01]} 7. Bb3 {[%emt 0:00:01]} d5 {[%emt 0:00:01]}
8. dxe5 {[%emt 0:00:01]} Be6 {[%emt 0:00:00]} 9. c3 {[%emt 0:00:01]} Bc5 {
[%emt 0:00:03]} 10. Qd3 {[%emt 0:00:03]} O-O {[%emt 0:00:02]} 11. Nbd2 {
[%emt 0:00:10]} f5 {[%emt 0:00:02]} 12. exf6 {[%emt 0:00:21]} Nxf6 {[%emt 0:00:
04]} 13. Bc2 {[%emt 0:00:13]} Qd6 {[%emt 0:00:38]} 14. Nb3 {[%emt 0:00:14]} Bb6
{[%emt 0:00:29]} 15. Nfd4 {[%emt 0:00:09]} Ne5 {[%emt 0:01:06]} 16. Qg3 {
[%emt 0:00:09]} Ne4 {[%emt 0:00:17]} 17. Bxe4 {[%emt 0:00:32]} dxe4 {[%emt 0:
00:00]} 18. Nxe6 {[%emt 0:00:11]} Bxf2+ {[%emt 0:00:16]} 19. Qxf2 {[%emt 0:00:
14]} Rxf2 {[%emt 0:00:02]} 20. Rxf2 {[%emt 0:00:00]} Qxe6 {[%emt 0:00:03]} 21.
Nd4 {[%emt 0:00:02]} Qd7 {[%emt 0:00:36]} 22. Be3 {[%emt 0:00:22]} Ng4 {
[%emt 0:00:22]} 23. Re2 {[%emt 0:00:04]} c5 {[%emt 0:00:14]} 24. Nb3 {[%emt 0:
00:01]} Nxe3 {[%emt 0:00:09]} 25. Rxe3 {[%emt 0:00:01]} Qd5 {[%emt 0:00:08]}
26. Rae1 {[%emt 0:00:01]} Re8 {[%emt 0:00:05]} 27. h3 {[%emt 0:00:05]} h6 {
[%emt 0:00:04]} 28. R1e2 {[%emt 0:00:20]} Kh7 {[%emt 0:00:10]} 29. Rd2 {
[%emt 0:00:18]} Qg5 {[%emt 0:00:26]} 30. Rde2 {[%emt 0:00:03]} Rd8 {[%emt 0:00:
21]} 31. Rxe4 {[%emt 0:00:02]} Rd1+ {[%emt 0:00:02]} 32. Kh2 {[%emt 0:00:01]}
Qf6 {[%emt 0:00:13]} 33. Kg3 {[%emt 0:00:29]} Rd3+ {[%emt 0:00:06]} 34. Kh2 {
[%emt 0:00:05]} Qd6+ {[%emt 0:00:02]} 35. Kg1 {[%emt 0:00:01]} Rd1+ {[%emt 0:
00:05]} 36. Kf2 {[%emt 0:00:01]} Qf6+ {[%emt 0:00:08]} 37. Kg3 {[%emt 0:00:06]}
Rf1 {[%emt 0:00:08]} 38. Nd2 {[%emt 0:00:21]} Qd6+ {[%emt 0:00:04]} 39. Re5 {
[%emt 0:00:00]} Rf5 {[%emt 0:00:09]} 40. Nf3 {[%emt 0:00:01]} Rxe5 {[%emt 0:00:
02]} 41. Nxe5 {[%emt 0:00:02]} c4 {[%emt 0:00:05]} 42. a3 {[%emt 0:00:07]} a5 {
[%emt 0:00:01]} 43. Kf2 {[%emt 0:00:02]} Qc5+ {[%emt 0:00:04]} 44. Kg3 {
[%emt 0:00:07]} b4 {[%emt 0:00:05]} 45. axb4 {[%emt 0:00:03]} axb4 {[%emt 0:00:
01]} 46. cxb4 {[%emt 0:00:00]} Qxb4 {[%emt 0:00:02]} 47. Nf3 {[%emt 0:00:02]}
Qd6+ {[%emt 0:00:03]} 48. Kf2 {[%emt 0:00:02]} Qc5+ {[%emt 0:00:04]} 49. Kg3 {
[%emt 0:00:03]} Kg8 {[%emt 0:00:03]} 50. Rd2 {[%emt 0:00:05]} Kf7 {[%emt 0:00:
07]} 51. Rd4 {[%emt 0:00:08]} Kg8 {[%emt 0:00:08]} 52. Rd2 {[%emt 0:00:04]} Kh7
{[%emt 0:00:00]} 53. Re2 {[%emt 0:00:02]} Qc7+ {[%emt 0:00:02]} 54. Kf2 {
[%emt 0:00:01]} Qb6+ {[%emt 0:00:00]} 55. Kg3 {[%emt 0:00:02]} Qc5 {[%emt 0:00:
02]} 56. Rd2 {[%emt 0:00:01]} Qe3 {[%emt 0:00:07]} 57. Rc2 {[%emt 0:00:09]} Qe4
{[%emt 0:00:02]} 58. Rd2 {[%emt 0:00:01]} g5 {[%emt 0:00:03]} 59. Rd7+ {
[%emt 0:00:06]} Kg8 {[%emt 0:00:03]} 60. Rd8+ {[%emt 0:00:09]} Kg7 {[%emt 0:00:
02]} 61. Rd7+ {[%emt 0:00:03]} Kf8 {[%emt 0:00:02]} 62. Rd8+ {[%emt 0:00:13]}
Ke7 {[%emt 0:00:05]} 63. Rd4 {[%emt 0:00:01]} Qc2 {[%emt 0:00:05]} 64. Rd2 {
[%emt 0:00:02]} Qb3 {[%emt 0:00:03]} 65. Kf2 {[%emt 0:00:25]} Qb6+ {[%emt 0:00:
03]} 66. Kg3 {[%emt 0:00:04]} Qb8+ {[%emt 0:00:01]} 67. Kf2 {[%emt 0:00:03]}
Kf6 {[%emt 0:00:03]} 68. g4 {[%emt 0:00:30]} Qb6+ {[%emt 0:00:05]} 69. Kg2 {
[%emt 0:00:17]} Qe3 {[%emt 0:00:06]} 70. Rf2 {[%emt 0:00:01]} Kg7 {[%emt 0:00:
02]} 71. Rd2 {[%emt 0:00:01]} Qe4 {[%emt 0:00:02]} 72. Rd7+ {[%emt 0:00:06]}
Kf8 {[%emt 0:00:02]} 73. Rd2 {[%emt 0:00:01]} Kg7 {[%emt 0:00:02]} 74. Rd7+ {
[%emt 0:00:02]} Kg8 {[%emt 0:00:01]} 75. Rd2 {[%emt 0:00:04]} Qe3 {[%emt 0:00:
05]} 76. Rc2 {[%emt 0:00:08]} Kg7 {[%emt 0:00:03]} 77. Rd2 {[%emt 0:00:03]} Qe4
{[%emt 0:00:05]} 1/2-1/2

[Event "Saint Louis Blitz 2020"]
[Site "Saint Louis"]
[Date "2020.09.18"]
[Round "6"]
[White "Carlsen, Magnus"]
[Black "Grischuk, Alexander"]
[Result "1-0"]
[WhiteElo "2863"]
[BlackElo "2777"]
[Annotator "TA"]
[PlyCount "59"]
[EventDate "2020.09.18"]
[EventType "blitz"]
[EventCountry "USA"]
[SourceTitle "playchess.com"]
[Source "ChessBase"]
[SourceQuality "1"]

{[%evp 9,59,20,19,0,0,2,7,0,0,0,0,0,0,0,0,0,0,0,23,23,28,37,64,76,138,75,120,
97,179,141,206,201,200,179,362,359,812,510,774,756,1005,986,29981,1307,1758,
1000,29962,29954,29954,6195,4910,1196]} 1. d4 Nf6 2. Nf3 d5 3. c4 e6 4. Nc3 Bb4
5. cxd5 exd5 6. Bf4 {D38: Queen's Gambit Declined: Ragozin Defence (4 Nf3 Bb4).
} Ne4 7. Rc1 Nc6 8. Nd2 {The position is equal.} g5 9. Be3 Nxc3 $1 10. bxc3 Ba3
11. Rb1 f5 12. g3 O-O {[#] Threatens to win with ...f4.} 13. f4 $146 ({
Predecessor:} 13. Qb3 Be7 14. f4 Na5 15. Qc2 c6 16. Bg2 Bd6 17. c4 gxf4 18.
gxf4 Be6 19. cxd5 cxd5 {1-0 (34) Carlsen,M (2863)-Firouzja,A (2728) chess24.
com INT 2020}) 13... Qe7 14. Bf2 gxf4 15. Bg2 Bd6 16. Bxd5+ Kh8 (16... Be6 $142
17. Qb3 Nd8) 17. Nf3 ({White should try} 17. Nc4) 17... Nd8 18. Qd2 c6 (18...
fxg3 $16 {was necessary.} 19. hxg3 f4) 19. Bb3 $18 Ne6 {[#]} (19... fxg3 $16 {
was called for.} 20. hxg3 Nf7) 20. d5 $1 {[%cal Rd5e6]} cxd5 21. Bxd5 fxg3 $2 (
21... Rf7 22. gxf4 Rg7) 22. hxg3 {Bxe6 is the strong threat.} f4 $2 (22... Rf7
23. Rh5 Bc5 24. Bxc5 Qxc5) 23. gxf4 Bxf4 (23... Rxf4 $142 24. Rg1 Qf6 25. Bxe6
Bxe6 26. Qxd6 Qxc3+ 27. Kd1 Qf6) 24. Qd3 {Hoping for Bxe6.} Rf7 25. Rb4 Bd6 {
[#]} 26. Rbh4 $1 {[%mdl 512]} Kg8 27. Nd4 Qf6 28. Nxe6 Bxe6 29. Bd4 Be5 {[#]}
30. Rh6 $1 {[%mdl 512] Accuracy: White = 68%, Black = 33%.} 1-0

[Event "Saint Louis Blitz 2020"]
[Site "Saint Louis"]
[Date "2020.09.18"]
[Round "6"]
[White "So, Wesley"]
[Black "Firouzja, Alireza"]
[Result "1/2-1/2"]
[WhiteElo "2770"]
[BlackElo "2728"]
[Annotator "ChessBase"]
[PlyCount "65"]
[EventDate "2020.09.18"]
[EventType "blitz"]
[EventCountry "USA"]
[SourceTitle "playchess.com"]
[Source "ChessBase"]
[SourceQuality "1"]
[TimeControl "300+3"]

1. d4 {[%emt 0:00:03]} Nf6 {[%emt 0:00:03]} 2. c4 {[%emt 0:00:06]} e6 {[%emt 0:
00:01]} 3. Nf3 {[%emt 0:00:02]} d5 {[%emt 0:00:01]} 4. Nc3 {[%emt 0:00:01]} Be7
{[%emt 0:00:00]} 5. Bf4 {[%emt 0:00:02]} O-O {[%emt 0:00:01]} 6. e3 {[%emt 0:
00:01]} Nbd7 {[%emt 0:00:01]} 7. Be2 {[%emt 0:00:08]} dxc4 {[%emt 0:00:06]} 8.
O-O {[%emt 0:00:03]} c5 {[%emt 0:00:13]} 9. dxc5 {[%emt 0:00:00]} Nxc5 {
[%emt 0:00:01]} 10. Bxc4 {[%emt 0:00:01]} Qxd1 {[%emt 0:00:01]} 11. Rfxd1 {
[%emt 0:00:01]} b6 {[%emt 0:00:01]} 12. Bd6 {[%emt 0:00:22]} Bxd6 {[%emt 0:00:
02]} 13. Rxd6 {[%emt 0:00:00]} Bb7 {[%emt 0:00:02]} 14. Rad1 {[%emt 0:00:01]}
Bxf3 {[%emt 0:00:16]} 15. gxf3 {[%emt 0:00:00]} Rfc8 {[%emt 0:00:04]} 16. Be2 {
[%emt 0:00:15]} g5 {[%emt 0:00:13]} 17. R6d4 {[%emt 0:00:16]} Kf8 {[%emt 0:00:
07]} 18. h4 {[%emt 0:00:15]} gxh4 {[%emt 0:00:15]} 19. Kh2 {[%emt 0:00:19]} Ke7
{[%emt 0:00:05]} 20. Kh3 {[%emt 0:00:07]} a5 {[%emt 0:00:46]} 21. f4 {[%emt 0:
00:09]} Rab8 {[%emt 0:00:11]} 22. e4 {[%emt 0:00:09]} h5 {[%emt 0:00:45]} 23.
f3 {[%emt 0:00:32]} Rg8 {[%emt 0:00:17]} 24. e5 {[%emt 0:00:09]} Nd5 {[%emt 0:
00:17]} 25. Nxd5+ {[%emt 0:00:23]} exd5 {[%emt 0:00:00]} 26. f5 {[%emt 0:00:22]
} f6 {[%emt 0:00:53]} 27. e6 {[%emt 0:00:10]} Rg3+ {[%emt 0:00:21]} 28. Kxh4 {
[%emt 0:00:03]} Rbg8 {[%emt 0:00:05]} 29. Rxd5 {[%emt 0:00:06]} Rg2 {[%emt 0:
00:10]} 30. Bf1 {[%emt 0:00:01]} Rh2+ {[%emt 0:00:14]} 31. Bh3 {[%emt 0:00:01]}
Rxb2 {[%emt 0:00:10]} 32. f4 {[%emt 0:00:59]} Rh2 {[%emt 0:00:18]} 33. R5d2 {
[%emt 0:00:30]} 1/2-1/2

[Event "Saint Louis Blitz 2020"]
[Site "Saint Louis"]
[Date "2020.09.18"]
[Round "6"]
[White "Nakamura, Hikaru"]
[Black "Dominguez Perez, Leinier"]
[Result "1-0"]
[WhiteElo "2736"]
[BlackElo "2758"]
[Annotator "ChessBase"]
[PlyCount "85"]
[EventDate "2020.09.18"]
[EventType "blitz"]
[EventCountry "USA"]
[SourceTitle "playchess.com"]
[Source "ChessBase"]
[SourceQuality "1"]
[TimeControl "300+3"]

1. e4 {[%emt 0:00:03]} e5 {[%emt 0:00:03]} 2. Nf3 {[%emt 0:00:02]} Nc6 {
[%emt 0:00:01]} 3. Bb5 {[%emt 0:00:00]} a6 {[%emt 0:00:02]} 4. Ba4 {[%emt 0:00:
01]} Nf6 {[%emt 0:00:01]} 5. d3 {[%emt 0:00:04]} b5 {[%emt 0:00:02]} 6. Bb3 {
[%emt 0:00:02]} Bc5 {[%emt 0:00:00]} 7. a4 {[%emt 0:00:07]} Rb8 {[%emt 0:00:02]
} 8. O-O {[%emt 0:00:04]} d6 {[%emt 0:00:14]} 9. axb5 {[%emt 0:00:03]} axb5 {
[%emt 0:00:01]} 10. h3 {[%emt 0:00:03]} h6 {[%emt 0:00:06]} 11. Nc3 {[%emt 0:
00:08]} O-O {[%emt 0:00:09]} 12. Ne2 {[%emt 0:00:12]} Re8 {[%emt 0:01:15]} 13.
c3 {[%emt 0:00:04]} Bb6 {[%emt 0:00:11]} 14. Ng3 {[%emt 0:00:07]} Be6 {[%emt 0:
00:07]} 15. Re1 {[%emt 0:00:03]} d5 {[%emt 0:00:14]} 16. Be3 {[%emt 0:00:25]}
Bxe3 {[%emt 0:00:31]} 17. Rxe3 {[%emt 0:00:03]} dxe4 {[%emt 0:00:00]} 18. dxe4
{[%emt 0:00:12]} Qxd1+ {[%emt 0:00:06]} 19. Bxd1 {[%emt 0:00:00]} Ra8 {[%emt 0:
00:16]} 20. Rc1 {[%emt 0:00:03]} Ra2 {[%emt 0:00:33]} 21. b4 {[%emt 0:00:02]}
Bc4 {[%emt 0:00:01]} 22. Be2 {[%emt 0:00:02]} Bxe2 {[%emt 0:00:02]} 23. Nxe2 {
[%emt 0:00:00]} Rb2 {[%emt 0:00:58]} 24. Ng3 {[%emt 0:00:40]} Na7 {[%emt 0:00:
11]} 25. Ne1 {[%emt 0:00:18]} Nc8 {[%emt 0:00:27]} 26. Nd3 {[%emt 0:00:01]} Ra2
{[%emt 0:00:06]} 27. c4 {[%emt 0:00:04]} bxc4 {[%emt 0:00:24]} 28. Rxc4 {
[%emt 0:00:00]} Ra7 {[%emt 0:00:05]} 29. Re1 {[%emt 0:01:08]} Nd6 {[%emt 0:00:
03]} 30. Rc6 {[%emt 0:00:01]} g6 {[%emt 0:00:07]} 31. f3 {[%emt 0:00:05]} Kg7 {
[%emt 0:00:04]} 32. Rec1 {[%emt 0:00:02]} Re7 {[%emt 0:00:04]} 33. R6c5 {
[%emt 0:00:06]} Ra3 {[%emt 0:00:08]} 34. Nxe5 {[%emt 0:00:12]} Nd7 {[%emt 0:00:
03]} 35. Rxc7 {[%emt 0:00:15]} Rxe5 {[%emt 0:00:01]} 36. Rxd7 {[%emt 0:00:01]}
Nb5 {[%emt 0:00:01]} 37. Ne2 {[%emt 0:00:32]} Ra2 {[%emt 0:00:02]} 38. Nf4 {
[%emt 0:00:04]} g5 {[%emt 0:00:05]} 39. Nh5+ {[%emt 0:00:13]} Kg6 {[%emt 0:00:
02]} 40. g4 {[%emt 0:00:02]} Re6 {[%emt 0:00:08]} 41. f4 {[%emt 0:00:11]} Rd6 {
[%emt 0:00:03]} 42. f5+ {[%emt 0:00:01]} Kh7 {[%emt 0:00:02]} 43. Rxf7+ {
[%emt 0:00:01]} 1-0